Long-term yield and growth performance of IRCA rubber clones (Hevea brasiliensis) in India (Record no. 49969)

MARC details
000 -LEADER
fixed length control field 00589nam a2200181Ia 4500
100 ## - MAIN ENTRY--AUTHOR NAME
Personal name Reghu C.P
245 #0 - TITLE STATEMENT
Title Long-term yield and growth performance of IRCA rubber clones (Hevea brasiliensis) in India
260 ## - PUBLICATION, DISTRIBUTION, ETC. (IMPRINT)
Name of publisher PLACROSYM XX, 12-15 December 2012, UPASI Tea Research Foundation, Coimbatore, India, Abstracts, p. 31.
650 ## - SUBJECT ADDED ENTRY--TOPICAL TERM
Topical Term Bole volume
650 ## - SUBJECT ADDED ENTRY--TOPICAL TERM
Topical Term Clonal differences
650 ## - SUBJECT ADDED ENTRY--TOPICAL TERM
Topical Term Dry rubber content
650 ## - SUBJECT ADDED ENTRY--TOPICAL TERM
Topical Term Plugging index
650 ## - SUBJECT ADDED ENTRY--TOPICAL TERM
Topical Term Timber volume
700 ## - ADDED ENTRY--PERSONAL NAME
Personal name Madhavan J
700 ## - ADDED ENTRY--PERSONAL NAME
Personal name Rao G.P
942 ## - ADDED ENTRY ELEMENTS (KOHA)
Koha item type Bibliography STAF
Holdings
Withdrawn status Lost status Damaged status Not for loan Home library Current library Shelving location Date acquired Koha item type
      Bibliography RRII Library RRII Library Germaplsm 09/04/2014 Bibliography STAF